[Event "Seattle Super Masters "]
[Site "?"]
[Date "????.??.??"]
[Round "5"]
[White "Perez, Ignacio"]
[Black "He, Anthony"]
[Result "1-0"]
[WhiteElo "2258"]
[BlackElo "2342"]
[PlyCount "65"]
[SourceDate "2018.03.06"]
[SourceVersionDate "2018.03.06"]

1. d4 Nf6 2. Nf3 g6 3. Nbd2 d5 4. c4 Bg7 5. cxd5 Nxd5 6. e4 Nb6 7. Nb3 O-O 8.
Be2 a5 9. O-O Bg4 10. a4 Nc6 11. d5 Nb4 12. Ng5 Bxe2 13. Qxe2 c6 14. dxc6 Nxc6
15. Be3 Qc7 16. f4 Rad8 17. Rfc1 e5 18. f5 Nd7 19. fxg6 hxg6 20. Rc3 Qd6 21.
Qf2 Nd4 22. Nxd4 exd4 23. Bf4 Qe7 24. Qh4 Nf6 25. Rh3 Rfe8 26. Rf1 d3 27. Bd2
Nxe4 28. Qh7+ Kf8 29. Nxf7 Nf6 30. Nxd8 Qxd8 31. Qxg6 Qd4+ 32. Kh1 Re2 33. Rh7
1-0

[Event "Seattle Super Masters "]
[Site "?"]
[Date "????.??.??"]
[Round "3"]
[White "Perez, Ignacio"]
[Black "Deshpande, Aaryan"]
[Result "1/2-1/2"]
[WhiteElo "2258"]
[BlackElo "1907"]
[PlyCount "27"]
[SourceDate "2018.03.06"]
[SourceVersionDate "2018.03.06"]

1. e4 c6 2. d4 d5 3. e5 Bf5 4. Nc3 e6 5. Bd3 Bg6 6. Bxg6 hxg6 7. Nf3 Nd7 8. O-O
Be7 9. Ne2 g5 10. Ng3 g6 11. c4 Nh6 12. cxd5 cxd5 13. Be3 Nf5 14. Rc1 1/2-1/2

[Event "Seattle Super Masters "]
[Site "?"]
[Date "????.??.??"]
[Round "4"]
[White "Zhang, Eric"]
[Black "Perez, Ignacio"]
[Result "0-1"]
[WhiteElo "2026"]
[BlackElo "2258"]
[PlyCount "56"]
[SourceDate "2018.03.06"]
[SourceVersionDate "2018.03.06"]

1. d4 Nf6 2. c4 g6 3. f3 Bg7 4. e4 d6 5. Be3 O-O 6. Nc3 Nc6 7. Nge2 Re8 8. d5
Ne5 9. Nc1 e6 10. Be2 exd5 11. cxd5 c6 12. O-O cxd5 13. Nxd5 Nxd5 14. Qxd5 Be6
15. Qd2 d5 16. Bb5 dxe4 17. Bxe8 Qxe8 18. Nb3 exf3 19. gxf3 Bh3 20. Bd4 Bxf1
21. Rxf1 Qc6 22. Bxe5 Bxe5 23. Kg2 Qf6 24. Nc5 Bf4 25. Qc2 Rc8 26. Kh1 Qd4 27.
Rd1 Qe3 28. Rd3 Rxc5 0-1

[Event "Seattle Super Masters "]
[Site "?"]
[Date "????.??.??"]
[Round "1"]
[White "Perez, Ignacio"]
[Black "Breckenridge, Steven"]
[Result "0-1"]
[WhiteElo "2258"]
[BlackElo "2431"]
[PlyCount "68"]
[SourceDate "2018.03.06"]
[SourceVersionDate "2018.03.06"]

1. d4 Nf6 2. Nf3 e6 3. Bg5 c5 4. e3 Nc6 5. Nbd2 cxd4 6. exd4 Be7 7. c3 b6 8.
Bd3 Bb7 9. O-O Nd5 10. Ne4 f6 11. Bd2 f5 12. Ng3 h5 13. Re1 h4 14. Nxf5 exf5
15. Bxf5 O-O 16. Bc2 h3 17. g3 Qe8 18. Ng5 Nf6 19. d5 Nxd5 20. Qg4 Nf6 21. Bb3+
d5 22. Qxh3 Rd8 23. Re3 Bc8 24. Qh4 Qg6 25. Rae1 Bc5 26. Rf3 Na5 27. Bd1 Rde8
28. Rf1 Nc4 29. Rxf6 gxf6 30. Bh5 fxg5 31. Bxg5 Rxf2 32. Rxf2 Bxf2+ 33. Kg2 Qc2
34. Bxe8 Be3+ 0-1

[Event "Seattle Super Masters "]
[Site "?"]
[Date "????.??.??"]
[Round "2"]
[White "Allorant, Adrien"]
[Black "Perez, Ignacio"]
[Result "1/2-1/2"]
[WhiteElo "2064"]
[BlackElo "2258"]
[PlyCount "80"]
[SourceDate "2018.03.06"]
[SourceVersionDate "2018.03.06"]

1. e4 d6 2. d4 Nf6 3. Nc3 g6 4. Nge2 Nbd7 5. Ng3 Bg7 6. Bg5 h6 7. Be3 e5 8. Be2
O-O 9. O-O b6 10. d5 Nh7 11. Qd2 h5 12. Bxh5 gxh5 13. Nxh5 Qh4 14. Nxg7 Kxg7
15. f4 Ndf6 16. Rf3 Bg4 17. fxe5 Bxf3 18. exf6+ Kh8 19. gxf3 Rg8+ 20. Kh1 Rg6
21. Qf2 Qxf2 22. Bxf2 Ng5 23. f4 Nf3 24. Bg3 Nd4 25. e5 Re8 26. Ne4 Nf5 27. Ng5
Nxg3+ 28. hxg3 Rxg5 29. fxg5 Rxe5 30. Kg2 Rxg5 31. c4 Re5 32. Rh1+ Kg8 33. Rf1
b5 34. cxb5 Rxd5 35. Rc1 Rxb5 36. Rxc7 Rxb2+ 37. Kf3 Rxa2 38. Rd7 Ra6 39. Ke4
Kh7 40. Rxf7+ Kg6 1/2-1/2

[Event "Seattle Super Masters "]
[Site "?"]
[Date "????.??.??"]
[Round "1"]
[White "Gorovets, Andrey"]
[Black "He, Anthony"]
[Result "1-0"]
[WhiteElo "2582"]
[BlackElo "2342"]
[PlyCount "63"]
[SourceDate "2018.03.06"]
[SourceVersionDate "2018.03.06"]

1. c4 g6 2. e4 e5 3. Nc3 Bg7 4. g3 Nc6 5. Bg2 Nge7 6. d3 d6 7. Nge2 O-O 8. O-O
Be6 9. Nd5 Qd7 10. Be3 f5 11. Qd2 a5 12. Rac1 Nc8 13. b3 Nd8 14. exf5 Bxf5 15.
d4 Nc6 16. f3 Be6 17. dxe5 Nxe5 18. Nd4 Bf7 19. Bh6 c6 20. Bxg7 Kxg7 21. Ne3
Re8 22. f4 Ng4 23. Nxg4 Qxg4 24. f5 c5 25. f6+ Kh8 26. Nb5 Qd7 27. Qh6 Be6 28.
Rce1 Nb6 29. Nxd6 Rg8 30. Ne4 Raf8 31. Ng5 Re8 32. Rd1 1-0

[Event "Seattle Super Masters "]
[Site "?"]
[Date "????.??.??"]
[Round "1"]
[White "Zherebukh, Yaroslav"]
[Black "Lee, Megan"]
[Result "1-0"]
[WhiteElo "2707"]
[BlackElo "2298"]
[PlyCount "55"]
[SourceDate "2018.03.06"]
[SourceVersionDate "2018.03.06"]

1. e4 e5 2. Nf3 Nc6 3. d4 exd4 4. Nxd4 Bc5 5. Nb3 Bb6 6. Nc3 d6 7. Qe2 Nge7 8.
Be3 O-O 9. O-O-O f5 10. f4 fxe4 11. g3 Bg4 12. Qxg4 Bxe3+ 13. Kb1 Kh8 14. Bg2
Qc8 15. Qe2 Bb6 16. Bxe4 Qe6 17. Qh5 g6 18. Qf3 Rab8 19. Rhe1 Qf6 20. h4 Nd8
21. h5 c6 22. hxg6 hxg6 23. Bxg6 Nxg6 24. Ne4 Qg7 25. Rxd6 Bc7 26. Qh5+ Qh7 27.
Qxh7+ Kxh7 28. Ng5+ 1-0

[Event "Seattle Super Masters "]
[Site "?"]
[Date "????.??.??"]
[Round "5"]
[White "Deshpande, Aaryan"]
[Black "Zherebukh, Yaroslav"]
[Result "0-1"]
[WhiteElo "1907"]
[BlackElo "2707"]
[PlyCount "42"]
[SourceDate "2018.03.06"]
[SourceVersionDate "2018.03.06"]

1. d4 Nf6 2. Bf4 g6 3. e3 Bg7 4. Nf3 O-O 5. Be2 c5 6. c3 d6 7. Nbd2 b6 8. O-O
Bb7 9. h3 Nbd7 10. a4 a6 11. Bh2 Rc8 12. Re1 Re8 13. Kh1 Rc7 14. Rc1 Qa8 15.
Kg1 Bh6 16. Nc4 Rec8 17. dxc5 bxc5 18. a5 Bd5 19. Ra1 Rb7 20. Nfd2 Bg7 21. Qc2
Bxg2 0-1

[Event "Seattle Super Masters "]
[Site "?"]
[Date "????.??.??"]
[Round "3"]
[White "Gorovets, Andrey"]
[Black "Zherebukh, Yaroslav"]
[Result "0-1"]
[WhiteElo "2582"]
[BlackElo "2707"]
[PlyCount "88"]
[SourceDate "2018.03.06"]
[SourceVersionDate "2018.03.06"]

1. d4 Nf6 2. Bf4 g6 3. Nc3 d6 4. e4 Bg7 5. Qd2 O-O 6. O-O-O Nc6 7. Nf3 Bg4 8.
Be2 Nd7 9. Bh6 Bxf3 10. Bxf3 Bxd4 11. Bxf8 Qxf8 12. Nd5 Bg7 13. Kb1 Qd8 14. c3
e6 15. Ne3 b5 16. Nc2 Nb6 17. Be2 b4 18. cxb4 a5 19. b5 Na4 20. Na3 Nd4 21. Nc4
Nxb5 22. e5 Qb8 23. Ka1 d5 24. Qc2 dxc4 25. Qxa4 Bxe5 26. Qxc4 Nd6 27. Qc2 Qb4
28. Rd3 a4 29. a3 Qb6 30. Bf3 Ra5 31. Rb1 c5 32. Be2 c4 33. Rxd6 Qxd6 34. Ka2
Rc5 35. Bxc4 Qd4 36. b3 axb3+ 37. Kxb3 Rc7 38. a4 Qc5 39. Qe4 Bd6 40. Kc3 Be5+
41. Kb3 Qb6+ 42. Ka3 Bd6+ 43. Ka2 Qc5 44. Rb8+ Kg7 0-1

[Event "Seattle Super Masters "]
[Site "?"]
[Date "????.??.??"]
[Round "4"]
[White "Zherebukh, Yaroslav"]
[Black "Sadorra, Julio"]
[Result "1-0"]
[WhiteElo "2707"]
[BlackElo "2650"]
[PlyCount "133"]
[SourceDate "2018.03.06"]
[SourceVersionDate "2018.03.06"]

1. e4 e5 2. Nf3 Nc6 3. Bb5 a6 4. Ba4 Nf6 5. O-O b5 6. Bb3 Bb7 7. d3 Be7 8. Nc3
O-O 9. Bd2 d6 10. a4 Na5 11. Ba2 b4 12. Ne2 c5 13. Ng3 d5 14. Nxe5 dxe4 15.
dxe4 Nxe4 16. Nxe4 Bxe4 17. Re1 Bg6 18. Nxg6 hxg6 19. Bf4 Ra7 20. Qg4 Qd4 21.
c3 bxc3 22. bxc3 Qxc3 23. Be5 Qc2 24. Bd5 Qf5 25. Qxf5 gxf5 26. Bc3 Bd8 27.
Rad1 Rd7 28. Ba2 Rxd1 29. Rxd1 Nc6 30. Rd6 Nb4 31. Bc4 Bg5 32. Rd7 Nc6 33. Rc7
Nd4 34. Rxc5 Rd8 35. g3 f4 36. Bxa6 Be7 37. Rc7 Bd6 38. Rb7 Be5 39. Kg2 f3+ 40.
Kh3 f5 41. Bd3 Rf8 42. Bd2 Ne2 43. g4 Rd8 44. Bc4+ Kh7 45. Be3 f4 46. Bb6 Rd1
47. Kh4 Kg6 48. Bf7+ Kf6 49. Bb3 Rd2 50. Kh5 Bd4 51. Ba5 Bc3 52. Rf7+ Ke5 53.
Bc7+ Ke4 54. Re7+ Kd3 55. Bd5 Nd4 56. Bxf4 Rxf2 57. Be4+ Kc4 58. Bg3 Re2 59.
Rc7+ Kb4 60. Bd5 Bb2 61. Rc4+ Ka5 62. Bc7+ Ka6 63. Rc5 Bc3 64. Rxc3 f2 65. Bc4+
Kb7 66. Bxe2 Nxe2 67. Rf3 1-0

[Event "Seattle Super Masters "]
[Site "?"]
[Date "????.??.??"]
[Round "3"]
[White "Sadorra, Julio"]
[Black "Breckenridge, Steven"]
[Result "1-0"]
[WhiteElo "2650"]
[BlackElo "2431"]
[PlyCount "81"]
[SourceDate "2018.03.07"]
[SourceVersionDate "2018.03.07"]

1. Nf3 Nf6 2. c4 e6 3. g3 d5 4. Bg2 c5 5. O-O Nc6 6. cxd5 exd5 7. d4 cxd4 8.
Nxd4 Bc5 9. Nxc6 bxc6 10. Qc2 Qb6 11. Nc3 Bxf2+ 12. Rxf2 Ng4 13. e3 Nxf2 14.
Qxf2 O-O 15. b3 Re8 16. Na4 Qb5 17. Bb2 Qd3 18. Bd4 Qg6 19. Nc5 Qh5 20. Rf1 f6
21. Qf4 Bh3 22. Qd6 Rac8 23. b4 Red8 24. Qf4 Rb8 25. Bxh3 Qxh3 26. a3 h5 27.
Qf5 Qxf5 28. Rxf5 h4 29. g4 Kf7 30. Kg2 Rh8 31. Nd7 Rbc8 32. Ne5+ Ke6 33. Ng6
Rhg8 34. Nf4+ Kf7 35. g5 a5 36. gxf6 g6 37. Re5 Rce8 38. Rxe8 Rxe8 39. Nh3 Ra8
40. Ng5+ Ke8 41. f7+ 1-0

[Event "Seattle Super Masters "]
[Site "?"]
[Date "????.??.??"]
[Round "4"]
[White "Breckenridge, Steven"]
[Black "Gorovets, Andrey"]
[Result "0-1"]
[WhiteElo "2431"]
[BlackElo "2582"]
[PlyCount "107"]
[SourceDate "2018.03.07"]
[SourceVersionDate "2018.03.07"]

1. e4 g6 2. d4 Bg7 3. Nc3 c6 4. Nf3 d5 5. h3 Nh6 6. Bd3 f6 7. Bxh6 Bxh6 8. Qe2
Qa5 9. O-O e6 10. exd5 cxd5 11. Bb5+ Kf7 12. Rfe1 Rd8 13. Rad1 a6 14. Ba4 b5
15. Bb3 Ra7 16. g4 Qc7 17. h4 Qf4 18. g5 fxg5 19. Ne5+ Kg7 20. h5 gxh5 21. Qxh5
Qh4 22. Qe2 g4 23. Qxg4+ Qxg4+ 24. Nxg4 Bg5 25. Ne5 Rf8 26. a4 b4 27. Na2 a5
28. Nc1 Kh8 29. Kh1 Rf4 30. Rd3 Rxf2 31. Rg1 Bxc1 32. Rdg3 Rf8 33. Rxc1 Nd7 34.
Nc6 Rc7 35. Nxa5 Rf4 36. c3 Nf6 37. Kg1 Ne4 38. Rg2 bxc3 39. bxc3 Nxc3 40. Kh2
Rh4+ 41. Kg3 Rxd4 42. Rgc2 Rg7+ 43. Kf2 Rf4+ 44. Ke3 e5 45. Rh1 d4+ 46. Kd2 Bf5
47. Rb2 Rg2+ 48. Kc1 Ne2+ 49. Kd1 Bg4 50. Ke1 Re4 51. Kf1 Bf3 52. Rh3 Nf4 53.
Rh2 Be2+ 54. Rxe2 0-1

[Event "Seattle Super Masters "]
[Site "?"]
[Date "????.??.??"]
[Round "4"]
[White "Yu, Jason"]
[Black "Watts, Peter"]
[Result "0-1"]
[WhiteElo "2165"]
[BlackElo "2045"]
[PlyCount "80"]
[SourceDate "2018.03.07"]
[SourceVersionDate "2018.03.07"]

1. e4 d6 2. d4 Nf6 3. Nc3 g6 4. Nf3 Bg7 5. Bc4 c6 6. Bb3 Bg4 7. h3 Bxf3 8. Qxf3
Nbd7 9. g4 O-O 10. Bg5 Qa5 11. h4 c5 12. O-O-O cxd4 13. Nd5 Nxd5 14. exd5 Qc7
15. Kb1 a5 16. a3 h6 17. Bc1 Rfc8 18. Qe2 a4 19. Ba2 Ra6 20. f4 Rb6 21. Rh2 Qc5
22. Qxe7 d3 23. c4 d2 24. Rhxd2 Nf6 25. Qe2 Re8 26. Qd3 Ne4 27. Rc2 Nf2 28. Qf3
Nxd1 29. Qxd1 Qxa3 30. c5 dxc5 31. d6 c4 32. d7 Rd8 33. Bxc4 Qe7 34. Qg1 Rc6
35. Re2 Qxd7 36. Bb5 Rxc1+ 37. Qxc1 Qxb5 38. Re3 Qd5 39. h5 b5 40. hxg6 fxg6
0-1

[Event "Seattle Super Masters "]
[Site "?"]
[Date "????.??.??"]
[Round "5"]
[White "Lee, Megan"]
[Black "Breckenridge, Steven"]
[Result "0-1"]
[WhiteElo "2298"]
[BlackElo "2431"]
[PlyCount "60"]
[SourceDate "2018.03.07"]
[SourceVersionDate "2018.03.07"]

1. e4 e5 2. Nf3 Nc6 3. Bb5 Nge7 4. Nc3 g6 5. d3 Bg7 6. Be3 h6 7. Qd2 f5 8. g3
d5 9. exd5 Nxd5 10. Bc4 Nb6 11. Bb3 Qe7 12. Nh4 Qf6 13. f4 exf4 14. Bxb6 axb6
15. Qxf4 g5 16. Qxc7 gxh4 17. O-O-O Nd4 18. Rde1+ Kf8 19. Nd5 Nxb3+ 20. Kd1 Qg5
21. cxb3 f4 22. Nxb6 Bg4+ 23. Kc2 Qf6 24. Nc4 Rc8 25. Qxf4 Qxf4 26. gxf4 b5 27.
f5 bxc4 28. bxc4 Kf7 29. Rhf1 Rhe8 30. Rxe8 Rxe8 0-1

[Event "Seattle Super Masters "]
[Site "?"]
[Date "????.??.??"]
[Round "2"]
[White "Kitsis, Stan"]
[Black "Sadorra, Julio"]
[Result "0-1"]
[WhiteElo "2181"]
[BlackElo "2650"]
[PlyCount "48"]
[SourceDate "2018.03.07"]
[SourceVersionDate "2018.03.07"]

1. d4 Nf6 2. Bf4 d5 3. e3 e6 4. c3 Bd6 5. Bg3 O-O 6. Nd2 b6 7. Bd3 Bb7 8. Ngf3
Ne4 9. Qc2 f5 10. Ne5 c5 11. O-O-O cxd4 12. exd4 Bxe5 13. dxe5 Nd7 14. f4 Ndc5
15. Nf3 Ba6 16. Bxa6 Nxa6 17. Kb1 b5 18. Be1 Qb6 19. Rf1 Rfc8 20. Nd4 b4 21.
Rf3 Rc4 22. b3 bxc3 23. Bxc3 Rac8 24. Ne2 d4 0-1

[Event "Seattle Super Masters "]
[Site "?"]
[Date "????.??.??"]
[Round "2"]
[White "Watts, Peter"]
[Black "Gorovets, Andrey"]
[Result "0-1"]
[WhiteElo "2045"]
[BlackElo "2582"]
[PlyCount "57"]
[SourceDate "2018.03.07"]
[SourceVersionDate "2018.03.07"]

1. Nf3 d5 2. c4 e6 3. g3 dxc4 4. Na3 Bxa3 5. bxa3 Nc6 6. Qc2 e5 7. Rb1 Nf6 8.
Qxc4 Be6 9. Qa4 Bxa2 10. Rxb7 Bd5 11. d3 O-O 12. Bg2 Nd4 13. Rb2 Bc6 14. Qc4
Bd5 15. Qc3 Bxf3 16. exf3 Nd5 17. Qc5 Nb6 18. Qa5 Qf6 19. O-O Rfe8 20. f4 c6
21. fxe5 Rxe5 22. Qa6 Ne2+ 23. Kh1 Rae8 24. Qxa7 Nc8 25. Qd7 Nxc1 26. Rxc1 R5e7
27. Qxc6 Qxb2 28. Qxc8 Re1+ 29. Bf1 0-1

[Event "Seattle Super Masters "]
[Site "?"]
[Date "????.??.??"]
[Round "5"]
[White "Mathews, Dan"]
[Black "Petrov, Oscar"]
[Result "0-1"]
[WhiteElo "1766"]
[BlackElo "1949"]
[PlyCount "99"]
[SourceDate "2018.03.08"]
[SourceVersionDate "2018.03.08"]

1. c4 c5 2. g3 g6 3. Bg2 Bg7 4. Nc3 Nc6 5. Nf3 Nf6 6. O-O O-O 7. Rb1 e6 8. d3
d5 9. cxd5 exd5 10. Bg5 h6 11. Bxf6 Bxf6 12. e4 dxe4 13. Nxe4 Be7 14. Qd2 Kh7
15. Qe3 Nd4 16. Nxd4 cxd4 17. Qe2 Rb8 18. f4 Bd7 19. Qf2 Bb5 20. Qd2 f5 21. Nf2
g5 22. Rfe1 Bf6 23. Qb4 Qd7 24. fxg5 hxg5 25. Rbc1 b6 26. Re2 Rbe8 27. Rce1
Rxe2 28. Rxe2 Re8 29. Qe1 Rxe2 30. Qxe2 Qe8 31. Qf3 Kg6 32. g4 Qe6 33. gxf5+
Qxf5 34. Qe2 Qf4 35. Be4+ Kh6 36. Ng4+ Kg7 37. Nxf6 Kxf6 38. Qf2 Ke5 39. Qxf4+
Kxf4 40. Kf2 Kg4 41. Kg2 a5 42. h3+ Kf4 43. Kf2 Bd7 44. Bg2 Bf5 45. Bf1 b5 46.
a3 a4 47. Be2 Bxh3 48. Bd1 Be6 49. Bf3 Bf5 50. Ke2 0-1

[Event "Seattle Super Masters "]
[Site "?"]
[Date "????.??.??"]
[Round "5"]
[White "Seashadri, Sridhar"]
[Black "Vijayakumar, Advaith"]
[Result "1/2-1/2"]
[WhiteElo "1715"]
[BlackElo "1847"]
[PlyCount "64"]
[SourceDate "2018.03.08"]
[SourceVersionDate "2018.03.08"]

1. c4 e5 2. e4 Nc6 3. Nc3 Bc5 4. Nf3 d6 5. h3 Nf6 6. d3 h6 7. a3 a6 8. Be2 O-O
9. b4 Ba7 10. O-O Be6 11. Nd5 Nd4 12. Nxd4 Bxd4 13. Rb1 c6 14. Ne3 d5 15. Bf3
Bxe3 16. Bxe3 dxe4 17. dxe4 Bxc4 18. Re1 Qc7 19. Qc2 Be6 20. a4 Nd7 21. Rbc1 f5
22. exf5 Bxf5 23. Be4 Bxe4 24. Qxe4 Nf6 25. Qc4+ Qf7 26. Qc2 Nd5 27. Bc5 Rfe8
28. a5 Nf4 29. Re3 Qg6 30. Qa2+ Qe6 31. Qc2 Qg6 32. Qa2+ Qf7 1/2-1/2

[Event "Seattle Super Masters "]
[Site "?"]
[Date "????.??.??"]
[Round "5"]
[White "Fagundes, Frank"]
[Black "Anand, Vignesh"]
[Result "1/2-1/2"]
[WhiteElo "1723"]
[BlackElo "1956"]
[PlyCount "59"]
[SourceDate "2018.03.08"]
[SourceVersionDate "2018.03.08"]

1. d4 Nf6 2. c4 e6 3. Nf3 Bb4+ 4. Bd2 Bxd2+ 5. Nbxd2 d5 6. e3 O-O 7. Rc1 Nbd7
8. Qb3 c6 9. Bd3 dxc4 10. Nxc4 Qe7 11. O-O c5 12. Rfe1 b6 13. Bb1 Bb7 14. Nfe5
Rac8 15. Red1 Rfd8 16. f3 cxd4 17. exd4 Bd5 18. Qd3 g6 19. Qe3 Bxc4 20. Nxc4
Nd5 21. Qe2 Qg5 22. Qd2 Qxd2 23. Nxd2 N7f6 24. Nb3 Ne3 25. Re1 Nfd5 26. Kf2 Nc4
27. Rc2 Nf4 28. Rd1 e5 29. g3 Nh3+ 30. Ke2 1/2-1/2

[Event "Seattle Super Masters "]
[Site "?"]
[Date "????.??.??"]
[Round "4"]
[White "Vijayakumar, Advaith"]
[Black "Mayer, Jacob"]
[Result "1/2-1/2"]
[WhiteElo "1847"]
[BlackElo "1762"]
[PlyCount "154"]
[SourceDate "2018.03.08"]
[SourceVersionDate "2018.03.08"]

1. d4 Nf6 2. c4 d6 3. Nf3 Nbd7 4. Nc3 c6 5. g3 e5 6. Bg2 Be7 7. O-O O-O 8. b3
exd4 9. Nxd4 Ne5 10. Bb2 Bg4 11. Qc2 Qc8 12. Nf3 Nxf3+ 13. exf3 Bh3 14. Rfe1
Bxg2 15. Kxg2 Re8 16. Ne4 Nxe4 17. fxe4 Qe6 18. Rad1 Rad8 19. f4 Bf6 20. Bd4 b6
21. Qc3 Bxd4 22. Qxd4 d5 23. cxd5 cxd5 24. e5 g6 25. Rc1 Rc8 26. Red1 Red8 27.
Rxc8 Qxc8 28. Rd3 Qc2+ 29. Rd2 Qc5 30. Kf3 Kf8 31. Ke3 Ke7 32. Qxc5+ bxc5 33.
Rc2 Rc8 34. b4 c4 35. Kd4 Ke6 36. g4 Rd8 37. a4 a6 38. b5 axb5 39. axb5 Rb8 40.
Rb2 h6 41. b6 Kd7 42. Kxd5 c3 43. Rc2 Rxb6 44. Rxc3 Rb4 45. Rf3 Rb5+ 46. Ke4
Rb4+ 47. Ke3 Ke6 48. Kf2 g5 49. Kg3 f5 50. exf6 Kxf6 51. f5 Rb1 52. Ra3 Rb6 53.
h3 h5 54. Kf3 hxg4+ 55. hxg4 Rc6 56. Re3 Kf7 57. Re4 Rc3+ 58. Re3 Rc4 59. Ra3
Rc6 60. Ra4 Kf6 61. Ke4 Rd6 62. Rd4 Rb6 63. Kd5 Ra6 64. Rc4 Ra5+ 65. Kd4 Rb5
66. Rc6+ Kf7 67. Rc5 Rb4+ 68. Ke5 Rxg4 69. Rc7+ Ke8 70. Kf6 Ra4 71. Kg7 Kd8 72.
Rb7 g4 73. f6 g3 74. f7 Rg4+ 75. Kf6 Rf4+ 76. Ke5 Rf2 77. Kd6 Kc8 1/2-1/2

[Event "Seattle Super Masters "]
[Site "?"]
[Date "????.??.??"]
[Round "4"]
[White "Kuhner, Mary"]
[Black "Fagundes, Frank"]
[Result "0-1"]
[WhiteElo "1917"]
[BlackElo "1723"]
[PlyCount "62"]
[SourceDate "2018.03.09"]
[SourceVersionDate "2018.03.09"]

1. e4 c5 2. Nf3 d6 3. c3 Nf6 4. h3 Bd7 5. Bd3 Nc6 6. Bc2 Rc8 7. O-O Qc7 8. Re1
e5 9. d4 exd4 10. cxd4 cxd4 11. Bb3 h6 12. Nxd4 Nxd4 13. Qxd4 Be7 14. Nc3 O-O
15. Qxa7 Bc6 16. Bf4 Ra8 17. Qe3 Ra5 18. Rac1 Qd7 19. Rcd1 Nh5 20. Bh2 Bg5 21.
Qd3 Bf4 22. Bxf4 Nxf4 23. Qg3 g5 24. h4 Kh8 25. hxg5 Nxg2 26. Qh2 Nxe1 27.
Qxh6+ Kg8 28. g6 Qg4+ 29. Kf1 Rh5 30. gxf7+ Rxf7 31. Qxh5 Qg2+ 0-1

[Event "Seattle Super Masters "]
[Site "?"]
[Date "????.??.??"]
[Round "4"]
[White "Petrov, Oscar"]
[Black "Frantz, Joey"]
[Result "0-1"]
[WhiteElo "1949"]
[BlackElo "1947"]
[PlyCount "50"]
[SourceDate "2018.03.09"]
[SourceVersionDate "2018.03.09"]

1. e4 e5 2. Bc4 Nf6 3. Qe2 Nc6 4. c3 Bc5 5. d3 O-O 6. Bg5 d6 7. Nd2 Na5 8. a4
Nxc4 9. Nxc4 a6 10. Ne3 Be6 11. Nh3 d5 12. Bxf6 gxf6 13. exd5 Bxd5 14. b4 Be7
15. Nf5 Kh8 16. Rg1 c5 17. Qd2 cxb4 18. g4 Be6 19. Nxe7 Qxe7 20. cxb4 Rfd8 21.
Rg3 Rd4 22. g5 f5 23. g6 fxg6 24. Ng5 f4 25. Qe2 Bf5 0-1

[Event "Seattle Super Masters "]
[Site "?"]
[Date "????.??.??"]
[Round "3"]
[White "Lee, Megan"]
[Black "Watts, Peter"]
[Result "1-0"]
[WhiteElo "2298"]
[BlackElo "2045"]
[PlyCount "75"]
[SourceDate "2018.03.09"]
[SourceVersionDate "2018.03.09"]

1. e4 d6 2. d4 c6 3. c4 Nf6 4. Nc3 Nbd7 5. Nf3 e5 6. h3 g6 7. Bg5 h6 8. Be3 Bg7
9. Qd2 Qe7 10. O-O-O a6 11. a3 b5 12. d5 c5 13. cxb5 Nxe4 14. Nxe4 f5 15. Nc3
f4 16. Qc2 fxe3 17. Qxg6+ Kd8 18. fxe3 Nf6 19. Qc2 e4 20. Nd2 Re8 21. Qa4 Qa7
22. bxa6 Bxa6 23. Qc6 Bf8 24. Bxa6 Qxa6 25. Rhf1 Qxc6 26. dxc6 Bg7 27. Nc4 Re6
28. Nb5 Ne8 29. c7+ Nxc7 30. Nxc7 Bxb2+ 31. Kxb2 Kxc7 32. Kc3 Kc6 33. Rf5 Rd8
34. Rfd5 Rg6 35. Rxd6+ Rdxd6 36. Nxd6 Rxd6 37. Rxd6+ Kxd6 38. g4 1-0

[Event "Seattle Super Masters"]
[Site "?"]
[Date "????.??.??"]
[Round "3"]
[White "Levine, David"]
[Black "Yu, Jason"]
[Result "0-1"]
[WhiteElo "2200"]
[BlackElo "2165"]
[PlyCount "76"]
[SourceDate "2018.03.10"]
[SourceVersionDate "2018.03.10"]

1. e4 e5 2. Nf3 Nc6 3. Bc4 Bc5 4. d3 Nf6 5. c3 a6 6. a4 d6 7. h3 h6 8. O-O Ba7
9. Re1 Be6 10. Nbd2 Qd7 11. Bxe6 fxe6 12. Nf1 g5 13. N3h2 Qf7 14. Be3 Kd7 15.
Bxa7 Nxa7 16. d4 exd4 17. cxd4 Raf8 18. Re2 Nc6 19. Rc1 e5 20. dxe5 Nxe5 21.
Ng3 h5 22. Rec2 c6 23. Rd2 h4 24. Nf5 Nxe4 25. Nxd6 Nxd6 26. Rxd6+ Kc7 27. Rd2
Qf4 28. Rc3 Rd8 29. Rxd8 Rxd8 30. Qe1 Re8 31. Re3 Nd3 32. Qe2 Rxe3 33. fxe3 Qc4
34. Nf3 Qc1+ 35. Kh2 Nxb2 36. Nxg5 Nc4 37. Nf3 Nxe3 38. Nxh4 Nf1+ 0-1

[Event "Seattle Super Masters"]
[Site "?"]
[Date "????.??.??"]
[Round "3"]
[White "Mayer, Jacob"]
[Black "Yang, Brian"]
[Result "1/2-1/2"]
[WhiteElo "1762"]
[BlackElo "1770"]
[Annotator "jvict_000"]
[PlyCount "74"]
[SourceDate "2018.03.10"]
[SourceVersionDate "2018.03.10"]

1. e4 c5 2. Nf3 e6 3. g3 d5 4. exd5 exd5 5. Bg2 Nf6 6. O-O Be7 7. d4 O-O 8. Nc3
Nc6 9. Ne5 Be6 10. Nxc6 bxc6 11. Ne2 Re8 12. Nf4 Qb6 13. Nxe6 fxe6 14. Qe2 Bd6
15. dxc5 Bxc5 16. c3 e5 17. b4 Bd6 18. Be3 d4 19. Qc4+ Kh8 20. cxd4 Ng4 21.
Qxc6 Nxe3 22. Qxb6 (22. fxe3 Qxb4) 22... axb6 23. fxe3 Ra3 24. Bc6 Rd8 25. dxe5
Bxe5 26. Rad1 Rxd1 27. Rxd1 g6 28. e4 Rxa2 29. Rd5 Bc3 30. b5 Rd2 31. Rxd2 Bxd2
32. Kf2 Kg7 33. e5 Kf7 34. Bd5+ Ke7 35. Kf3 h5 36. Be4 g5 37. Bf5 h4 1/2-1/2

[Event "Seattle Super Masters"]
[Site "?"]
[Date "????.??.??"]
[Round "3"]
[White "Abdul-Mujeeb, Numan"]
[Black "Jiang, Brandon"]
[Result "0-1"]
[WhiteElo "1694"]
[BlackElo "1831"]
[PlyCount "39"]
[SourceDate "2018.03.10"]
[SourceVersionDate "2018.03.10"]

1. e4 e5 2. Nf3 Nc6 3. Bb5 a6 4. Bxc6 dxc6 5. h3 Bd6 6. d3 Ne7 7. Nbd2 O-O 8.
Nc4 Ng6 9. Nxd6 cxd6 10. c3 f5 11. Ng5 Qf6 12. O-O h6 13. exf5 Qxf5 14. g4 Qd7
15. Ne4 d5 16. Ng3 Qe7 17. Be3 Qh4 18. Kg2 Nf4+ 19. Bxf4 exf4 20. Qf3 0-1

[Event "Seattle Super Masters"]
[Site "?"]
[Date "????.??.??"]
[Round "3"]
[White "Mathews, Dan"]
[Black "Mahajan, Rushaan"]
[Result "0-1"]
[WhiteElo "1766"]
[BlackElo "1943"]
[PlyCount "82"]
[SourceDate "2018.03.10"]
[SourceVersionDate "2018.03.10"]

1. e4 e5 2. Nf3 Nc6 3. Bb5 a6 4. Bxc6 dxc6 5. O-O Bg4 6. h3 h5 7. d3 Qf6 8. Kh1
Bxf3 9. Qxf3 Qxf3 10. gxf3 Bd6 11. Nc3 f6 12. Be3 c5 13. Ne2 g5 14. c3 Ne7 15.
d4 cxd4 16. cxd4 O-O-O 17. d5 Ng6 18. Rac1 Nh4 19. Bc5 Nxf3 20. Rfd1 g4 21. Rd3
Ng5 22. Bxd6 Rxd6 23. Ng3 Nxh3 24. Rc2 Kb8 25. Nf5 Rd7 26. Rxh3 gxh3 27. Kh2
Rg8 28. Kxh3 Rg4 29. f3 Rg1 30. Kh2 Rg5 31. Rf2 Rxf5 32. exf5 Rxd5 33. Rg2 c5
34. Kh3 Rd3 35. Rg3 e4 36. fxe4 Rxg3+ 37. Kxg3 Kc7 38. e5 fxe5 39. f6 Kd7 40.
f7 Ke7 41. f8=Q+ Kxf8 0-1

[Event "Seattle Super Masters"]
[Site "?"]
[Date "????.??.??"]
[Round "2"]
[White "Jiang, Stephen"]
[Black "Kaelin, Alex"]
[Result "0-1"]
[WhiteElo "1566"]
[BlackElo "1649"]
[PlyCount "25"]
[SourceDate "2018.03.10"]
[SourceVersionDate "2018.03.10"]

1. e4 c5 2. Nc3 e6 3. f4 a6 4. Nf3 d5 5. d3 Nf6 6. Be2 Be7 7. O-O O-O 8. Ne5 b5
9. Bf3 Bb7 10. Qe1 b4 11. Nd1 Nc6 12. Nxc6 Bxc6 13. b3 0-1